Introdukcia energetických plodín v agroekologických podmienkach Východoslovenskej nížiny

Energetické plodiny - ekonomická efektívnosť. Ozdobnica čínska a jej produkčný potenciál, náklady na pestovanie. Hlavné smery využitia energetických plodín.

Na minha lista:
Detalhes bibliográficos
Autor principal: Povraz, Pavol
Outros Autores: Polák, Matej, Stričík, Michal, 1969-
Formato: Capítulo de Livro
Idioma:eslovaco
Assuntos:
Tags: Adicionar Tag
Sem tags, seja o primeiro a adicionar uma tag!

MARC

LEADER 00000naa$a2200000$$$4500
001 0117724
005 20240502072321.4
041 0 |a slo 
044 |a SK 
245 1 0 |a Introdukcia energetických plodín v agroekologických podmienkach Východoslovenskej nížiny  |c Pavol Povraz, Matej Polák, Michal Stričík 
520 |a Energetické plodiny - ekonomická efektívnosť. Ozdobnica čínska a jej produkčný potenciál, náklady na pestovanie. Hlavné smery využitia energetických plodín. 
610 2 0 |a plodiny poľné 
610 2 0 |a rastliny priemyselné 
610 2 0 |a biomasa 
610 2 0 |a energetika 
610 2 0 |a Slovensko 
100 1 |a Povraz, Pavol 
700 1 |a Polák, Matej 
700 1 |a Stričík, Michal, 1969-